Länder, die Gabun am nächsten liegen - 15-Sekunden-Sprint - Statistiken

Allgemein
  • Dieses Quiz wurde 61 mal gespielt
  • Das Durchschnittsergebnis liegt bei 5 aus 20
Antwortstatistiken
km Land % Korrekt
158 Dem. Rep. Kongo
67%
0 Kongo
67%
0 Äquatorial-Guinea
56%
0 Kamerun
56%
1184 Niger
46%
418 Nigeria
44%
118 Angola
38%
1044 Togo
36%
969 Benin
31%
237 São Tomé und Príncipe
28%
1091 Ghana
18%
1463 Namibia
15%
232 Zentralafrikanische Republik
15%
1442 Côte d'Ivoire
8%
637 Tschad
8%
1396 Sudan
5%
1429 Burkina Faso
3%
1604 Ruanda
3%
1435 Sambia
3%
1314 Südsudan
0%
Keine übereinstimmenden Quizze gefunden
Verteilung der Resultate
Anzahl Personen mit jedem Resultat
Perzentil nach korrekt beantworteten Fragen
Ihre Resultats-Entwicklung
Sie haben dieses Quiz noch nicht gespielt